Stopnie wojskowe - Statystyki

Ogólne statystyki
  • Ten quiz został rozwiązany 446 razy
  • Średni wynik to 18 z 22
Statystyki odpowiedzi
Korpus Stopień % Poprawnych
szeregowych szeregowy
97%
generałowie generał
95%
podoficerów kapral
92%
szeregowych starszy szeregowy
92%
marszałek marszałek
86%
oficerowie starsi major
85%
oficerowie starsi pułkownik
85%
podoficerów starszy kapral
84%
podoficerów chorąży
82%
oficerowie starsi podpułkownik
81%
oficerowie młodsi kapitan
79%
oficerowie młodsi porucznik
79%
oficerowie młodsi podporucznik
78%
podoficerów sierżant
78%
podoficerów starszy chorąży
78%
generałowie generał broni
77%
generałowie generał dywizji
76%
generałowie generał brygady
75%
podoficerów plutonowy
74%
podoficerów starszy sierżant
72%
podoficerów młodszy chorąży
71%
podoficerów starszy chorąży sztabowy
62%
Nie znaleziono quizów pasujących do podanych kryteriów
Rozkład punktacji
Procent ludzi z każdym wynikiem
Percentyl według liczby udzielonych odpowiedzi
Twoja historia wyników
Nie rozwiązałeś tego quizu